平成に消滅・改称した長野県の市町村 - Statistics

General Stats
  • This quiz has been taken 38 times
  • The average score is 39 of 56
Answer Stats
変更年月日 変更内容 回答 変更後の市町村 % Correct
2003.09/01 新設合併 更埴市 千曲市
96%
2004.04/01 新設合併 東部町 東御市
91%
2010.01/01 編入合併 信州新町 長野市
91%
2005.02/13 編入合併 山口村 中津川市(岐阜県)
87%
2005.11/01 新設合併 木曽福島町 木曽町
87%
2006.03/06 新設合併 真田町 上田市
87%
2003.09/01 新設合併 上山田町 千曲市
83%
2003.09/01 新設合併 戸倉町 千曲市
83%
2005.03/20 新設合併 佐久町 佐久穂町
83%
2005.10/01 新設合併 明科町 安曇野市
83%
2005.10/01 新設合併 豊科町 安曇野市
83%
2005.10/01 新設合併 長門町 長和町
83%
2005.10/01 新設合併 和田村 長和町
83%
2004.04/01 新設合併 北御牧村 東御市
78%
2005.01/01 編入合併 戸隠村 長野市
78%
2005.01/01 編入合併 鬼無里村 長野市
78%
2005.03/20 新設合併 八千穂村 佐久穂町
78%
2005.04/01 新設合併 佐久市 佐久市
78%
2006.03/06 新設合併 丸子町 上田市
78%
2006.03/31 新設合併 伊那市 伊那市
78%
2005.10/01 新設合併 穂高町 安曇野市
78%
2005.04/01 新設合併 臼田町 佐久市
74%
2006.03/06 新設合併 上田市 上田市
74%
2005.04/01 編入合併 梓川村 松本市
70%
2005.10/01 編入合併 南信濃村 飯田市
70%
2005.10/01 新設合併 牟礼村 飯綱町
70%
2006.03/31 新設合併 高遠町 伊那市
70%
2005.01/01 編入合併 豊野町 長野市
65%
2005.04/01 編入合併 奈川村 松本市
65%
2005.04/01 編入合併 安曇村 松本市
65%
2005.04/01 新設合併 中野市 中野市
65%
2005.04/01 編入合併 楢川村 塩尻市
65%
2005.04/01 新設合併 望月町 佐久市
65%
2005.10/11 新設合併 坂北村 筑北村
65%
2010.01/01 編入合併 中条村 長野市
65%
2005.01/01 編入合併 大岡村 長野市
61%
2005.04/01 新設合併 豊田村 中野市
61%
2005.10/01 編入合併 上村 飯田市
61%
2005.10/01 新設合併 三水村 飯綱町
61%
2005.11/01 新設合併 開田村 木曽町
61%
2006.01/01 編入合併 浪合村 阿智村
61%
2009.03/31 編入合併 清内路村 阿智村
61%
2010.03/31 編入合併 波田町 松本市
61%
2005.04/01 編入合併 四賀村 松本市
57%
2005.04/01 新設合併 浅科村 佐久市
57%
2005.10/01 新設合併 三郷村 安曇野市
57%
2005.10/11 新設合併 本城村 筑北村
57%
2005.10/11 新設合併 坂井村 筑北村
57%
2005.11/01 新設合併 日義村 木曽町
52%
2005.11/01 新設合併 三岳村 木曽町
52%
2006.01/01 編入合併 八坂村 大町市
52%
2006.03/31 新設合併 長谷村 伊那市
52%
2005.10/01 新設合併 堀金村 安曇野市
48%
2006.01/01 編入合併 美麻村 大町市
48%
2006.03/06 新設合併 武石村 上田市
48%
1993.07/01 編入合併 上郷町 飯田市
43%
No matching quizzes found
Score Distribution
Percent of People with Each Score
Percentile by Number Answered
Your Score History
You have not taken this quiz